[Event "Bangalore op 1st"]
[Site "Bangalore"]
[Date "2024.01.19"]
[Round "2"]
[White "Jaiveer, Mahendru"]
[Black "Uddipan, Roy"]
[Result "1-0"]
[WhiteElo "2294"]
[BlackElo "1862"]
[PlyCount "81"]
[EventDate "2024.01.18"]
[EventType "swiss"]
[EventRounds "10"]
[EventCountry "IND"]
[SourceTitle "CB05_2024"]
[SourceDate "2024.01.31"]
[SourceVersion "1"]
[SourceVersionDate "2024.01.31"]
[SourceQuality "1"]

1. e4 c5 2. Nf3 d6 3. d4 cxd4 4. Nxd4 Nf6 5. Nc3 a6 6. Be3 e5 7. Nb3 Be7 8. h3 h5 9. Be2 Nbd7 10. Qd2 b5 11. a4 b4 12. Nd5 Bb7 13. Bf3 Nxd5 14. exd5 a5 15. 0-0 f5 16. g3 h4 17. Bg2 0-0 18. f4 Ba6 19. Rfe1 Bc4 20. fxe5 Bxb3 21. e6 Nf6 22. cxb3 Nh5 23. Rac1 hxg3 24. Bf3 Qe8 25. Rc7 f4 26. Bd4 Rf5 27. Qc2 Rg5 28. h4 Re5 29. Bxe5 dxe5 30. Rc1 Nf6 31. Qf5 Bd6 32. Rf7 Rc8 33. Rc6 Rxc6 34. dxc6 Bc5+ 35. Kh1 Qd8 36. c7 g2+ 37. Kxg2 Qd2+ 38. Kh3 Qe1 39. c8Q+ Ne8 40. Qxe8+ Bf8 41. Qxf8# 1-0

[Event "IND-ch 59th"]
[Site "New Delhi"]
[Date "2023.01.03"]
[Round "13"]
[White "Diganta, Roy"]
[Black "Uddipan, Roy"]
[Result "0-1"]
[WhiteElo "1574"]
[BlackElo "1762"]
[PlyCount "72"]
[EventDate "2022.12.22"]
[EventType "swiss"]
[EventRounds "13"]
[EventCountry "IND"]
[SourceTitle "CBM 211 Extra"]
[Source "ChessBase"]
[SourceDate "2023.01.31"]
[SourceVersion "1"]
[SourceVersionDate "2023.01.31"]
[SourceQuality "1"]

1. d4 Nf6 2. c4 g6 3. Nc3 Bg7 4. e4 d6 5. h3 0-0 6. Be3 e5 7. d5 Na6 8. Qd2 Nc5 9. f3 Nh5 10. Nge2 f5 11. g4 Nf4 12. 0-0-0 fxe4 13. fxe4 Bd7 14. Kb1 a6 15. Nc1 Rb8 16. b4 Na4 17. Nb3 Nxc3+ 18. Qxc3 Qh4 19. Qe1 Qe7 20. c5 Bf6 21. Qc3 Ba4 22. Rc1 Bg5 23. Na5 Rf7 24. c6 b6 25. Nb7 Bb5 26. a4 Bxf1 27. Rcxf1 Rbf8 28. Bxf4 exf4 29. Qf3 Qe5 30. Rf2 Qd4 31. Rb2 Bf6 32. Rhh2 Qg1+ 33. Ka2 Bxb2 34. Rxb2 Qg3 35. Qe2 f3 36. Qe3 Qf4 0-1

[Event "IND-ch 59th"]
[Site "New Delhi"]
[Date "2023.01.02"]
[Round "12"]
[White "Uddipan, Roy"]
[Black "Gurung, Rahul"]
[Result "0-1"]
[WhiteElo "1762"]
[BlackElo "2028"]
[PlyCount "112"]
[EventDate "2022.12.22"]
[EventType "swiss"]
[EventRounds "13"]
[EventCountry "IND"]
[SourceTitle "CBM 211 Extra"]
[Source "ChessBase"]
[SourceDate "2023.01.31"]
[SourceVersion "1"]
[SourceVersionDate "2023.01.31"]
[SourceQuality "1"]

1. e4 d5 2. exd5 Nf6 3. Bb5+ Bd7 4. Be2 Nxd5 5. d4 Bf5 6. Nf3 Nc6 7. 0-0 e6 8. a3 Bd6 9. g3 Be7 10. Ne5 Nxe5 11. dxe5 Nb6 12. c4 Qxd1 13. Rxd1 Bc2 14. Re1 0-0-0 15. Be3 Bd3 16. Nd2 Bxe2 17. Rxe2 Rd3 18. Kf1 Rhd8 19. Ke1 Na4 20. Ne4 Rb3 21. Bc1 Rd4 22. Nd2 Rbd3 23. Re3 a5 24. Rxd3 Rxd3 25. b3 Nc5 26. b4 Nb3 27. Nxb3 Rxb3 28. bxa5 Rc3 29. Be3 Rxc4 30. a6 b6 31. a4 Bc5 32. a5 b5 33. Rd1 Bxe3 34. fxe3 Ra4 35. Kd2 Rxa5 36. Rf1 Rxa6 37. Rxf7 c5 38. h4 c4 39. Kc3 Rc6 40. Ra7 Rc7 41. Ra5 Rb7 42. Ra8+ Kd7 43. Rg8 Kc6 44. e4 b4+ 45. Kxc4 b3 46. Rc8+ Kd7 47. Rf8 b2 48. Rf7+ Kc6 49. Rf1 b1Q 50. Rxb1 Rxb1 51. g4 Rg1 52. g5 Rg4 53. Kd4 Rxh4 54. Ke3 Rg4 55. g6 Rxg6 56. Kf4 h5 0-1

[Event "IND-ch 59th"]
[Site "New Delhi"]
[Date "2022.12.31"]
[Round "10"]
[White "Uddipan, Roy"]
[Black "Sudarshan, Bhat"]
[Result "1-0"]
[WhiteElo "1762"]
[BlackElo "2100"]
[PlyCount "95"]
[EventDate "2022.12.22"]
[EventType "swiss"]
[EventRounds "13"]
[EventCountry "IND"]
[SourceTitle "CBM 211 Extra"]
[Source "ChessBase"]
[SourceDate "2023.01.31"]
[SourceVersion "1"]
[SourceVersionDate "2023.01.31"]
[SourceQuality "1"]

1. e4 e6 2. d4 d5 3. Nd2 Be7 4. Ngf3 Nf6 5. e5 Nfd7 6. Bd3 c5 7. c3 b6 8. Nf1 Ba6 9. Bc2 Nc6 10. a3 Rc8 11. Ne3 cxd4 12. cxd4 Na5 13. Bd2 Nc4 14. Nxc4 Bxc4 15. h4 a5 16. Bg5 h6 17. Be3 Qc7 18. Rc1 Qb7 19. g4 g6 20. Nd2 h5 21. Nf3 Nf8 22. Ng5 hxg4 23. Qxg4 Bxg5 24. Bxg5 Rh5 25. Qg3 Nh7 26. Bd2 Ba6 27. Ba4+ Ke7 28. Rc3 Rc4 29. Rxc4 dxc4 30. f3 b5 31. Bc2 b4 32. axb4 axb4 33. Bxg6 fxg6 34. Qxg6 c3 35. Qxh5 cxd2+ 36. Kxd2 Nf8 37. Rc1 b3 38. Qg5+ Ke8 39. Qe3 Qg7 40. Qg5 Qh7 41. Rc3 Qb1 42. Rxb3 Nd7 43. Qg8+ Ke7 44. Qg7+ Ke8 45. d5 exd5 46. e6 Nb6 47. Qf7+ Kd8 48. e7+ 1-0

[Event "IND-ch 59th"]
[Site "New Delhi"]
[Date "2022.12.22"]
[Round "1"]
[White "Nitin, Senthilvel"]
[Black "Uddipan, Roy"]
[Result "1-0"]
[WhiteElo "2372"]
[BlackElo "1762"]
[PlyCount "46"]
[EventDate "2022.12.22"]
[EventType "swiss"]
[EventRounds "13"]
[EventCountry "IND"]
[SourceTitle "CBM 211 Extra"]
[Source "ChessBase"]
[SourceDate "2023.01.31"]
[SourceVersion "1"]
[SourceVersionDate "2023.01.31"]
[SourceQuality "1"]

1. Nf3 Nf6 2. g3 g6 3. b3 Bg7 4. Bb2 d6 5. d4 c5 6. Bg2 0-0 7. 0-0 Nc6 8. d5 Na5 9. Re1 b5 10. e4 Bg4 11. Nbd2 Nd7 12. Bxg7 Kxg7 13. Qc1 e5 14. dxe6 Bxe6 15. Nf1 h6 16. Rd1 Qc7 17. Qd2 Nb7 18. Ne3 Rae8 19. Nh4 Nf6 20. c4 bxc4 21. bxc4 Kh7 22. Rab1 Bc8 23. Qc3 Nd7 1-0

[Event "IND-ch U15 47th"]
[Site "New Delhi"]
[Date "2022.12.02"]
[Round "7"]
[White "Uddipan, Roy"]
[Black "Mitul, KH."]
[Result "0-1"]
[WhiteElo "1684"]
[BlackElo "1328"]
[PlyCount "142"]
[EventDate "2022.11.28"]
[EventType "swiss"]
[EventRounds "11"]
[EventCountry "IND"]
[SourceTitle "CBM 211 Extra"]
[Source "ChessBase"]
[SourceDate "2023.01.31"]
[SourceVersion "1"]
[SourceVersionDate "2023.01.31"]
[SourceQuality "1"]

1. e4 e5 2. Nf3 Nc6 3. Bb5 a6 4. Ba4 Nf6 5. 0-0 Be7 6. Re1 b5 7. Bb3 d6 8. c3 0-0 9. h3 Nb8 10. d4 Nbd7 11. Nbd2 Bb7 12. Bc2 Re8 13. Nf1 Bf8 14. Ng3 g6 15. Bd2 c5 16. d5 c4 17. b4 cxb3 18. axb3 Qc7 19. Ra2 Rec8 20. Qe2 Nc5 21. b4 Ncd7 22. Rea1 Nb6 23. Bb3 Nc4 24. Bc1 Be7 25. Nd2 Nb6 26. Rc2 Nfd7 27. c4 bxc4 28. Nxc4 Nxc4 29. Rxc4 Qd8 30. Bd2 Rcb8 31. Ba4 Nb6 32. Rcc1 Nxa4 33. Rxa4 Bc8 34. Ra2 Bd7 35. Rac2 Bb5 36. Qg4 h5 37. Qf3 Rc8 38. Qb3 Qd7 39. Nf1 Bd8 40. Ne3 Ba4 41. Rxc8 Rxc8 42. Qb2 Bb5 43. Rc3 Bb6 44. Nc2 Rc7 45. Be3 Bxe3 46. Nxe3 Qc8 47. Rxc7 Qxc7 48. Qd2 Kg7 49. g4 h4 50. Kg2 Qb6 51. Nc2 Ba4 52. Ne3 Qd4 53. Qxd4 exd4 54. Nc4 d3 55. g5 f5 56. f3 fxe4 57. fxe4 Kf8 58. Kf2 Ke7 59. Ke3 Bd7 60. e5 Bxh3 61. exd6+ Kd8 62. Kxd3 Bf1+ 63. Ke3 Bxc4 64. Kf4 h3 65. Kg3 Bf1 66. Kf2 h2 67. Kxf1 h1Q+ 68. Ke2 Qxd5 69. b5 axb5 70. Ke3 b4 71. Kf4 b3 0-1

[Event "Eastern Asia-ch U14"]
[Site "Tornelo INT"]
[Date "2021.10.29"]
[Round "1"]
[White "Jin, Yueheng"]
[Black "Uddipan, Roy"]
[Result "1-0"]
[WhiteElo "1598"]
[BlackElo "1152"]
[PlyCount "79"]
[EventDate "2021.10.29"]
[EventType "swiss"]
[EventRounds "9"]
[EventCountry "NET"]
[SourceTitle "EXT 2023"]
[Source "ChessBase"]
[SourceDate "2022.10.05"]
[SourceVersion "1"]
[SourceVersionDate "2022.10.05"]
[SourceQuality "1"]

1. d4 Nf6 2. c4 g6 3. Nc3 Bg7 4. e4 d6 5. Be2 0-0 6. Bg5 c6 7. Qd2 a6 8. a4 Nbd7 9. f3 e5 10. d5 Nc5 11. Bd1 Qb6 12. a5 Qb4 13. b3 h6 14. Be3 Nh5 15. Bxc5 Qxc5 16. Na4 Qd4 17. Ra2 Nf4 18. g3 Nd3+ 19. Ke2 Nc5 20. Nb6 Rb8 21. Qxd4 exd4 22. b4 Nd7 23. Nxd7 Bxd7 24. Ba4 f5 25. Bc2 cxd5 26. cxd5 Rbc8 27. Kd2 Bb5 28. Ne2 Rxc2+ 29. Rxc2 d3 30. Rc7 dxe2 31. Re1 fxe4 32. fxe4 Bb2 33. Rxe2 Bxe2 34. Kxe2 Rf7 35. Rc8+ Kg7 36. Rd8 Be5 37. Rc8 g5 38. Ke3 h5 39. Rc2 g4 40. Rc8 1-0